Didáctica del conocimiento del medio social y cultural en educación infantil
Guardat en:
| Autor principal: | |
|---|---|
| Format: | Llibre |
| Idioma: | espanyol |
| Publicat: |
Madrid
Síntesis Educación
2003
|
| Col·lecció: | Didáctica de las Ciencias Sociales, 4
|
| Matèries: | |
| Etiquetes: |
Afegir etiqueta
Sense etiquetes, Sigues el primer a etiquetar aquest registre!
|
MARC
| LEADER | 00000cam a2200000 a 4500 | ||
|---|---|---|---|
| 001 | UCH3762 | ||
| 003 | CL-VaPUC | ||
| 008 | 090813e20030000SP |||||||||||||||||spa|d | ||
| 020 | |a 8497561422 | ||
| 082 | 0 | 4 | |a 372.83 |b ARA |2 21 |
| 100 | 0 | |a Aranda Hernando, Ana María |e author |9 539250 | |
| 245 | 1 | 0 | |a Didáctica del conocimiento del medio social y cultural en educación infantil |
| 300 | |a 299 p | ||
| 942 | |c BK | ||
| 945 | |d 20090813 00:00:00 |a dcastane | ||
| 260 | |a Madrid |b Síntesis Educación |c 2003 | ||
| 650 | 0 | |a Enseñanza de las ciencias sociales |9 337823 | |
| 650 | 0 | |a Educación básica |9 224933 | |
| 650 | 0 | |a Enseñanza |9 256457 | |
| 650 | 0 | |a Métodos de enseñanza |9 270413 | |
| 583 | |a last modification |c 20140701 10:30:03 |k Rodrigo Vera | ||
| 490 | 0 | |a Didáctica de las Ciencias Sociales, 4 | |
| 999 | |c 335195 |d 335193 | ||
| 952 | |0 0 |1 0 |4 0 |6 372_830000000000000_ARA_2003 |7 0 |8 A |9 424875 |a BIBHIS |b BIBHIS |d 2019-11-22 |i 4589211 |o 372.83 ARA 2003 |p 4589211 |r 2025-01-20 |w 2019-11-22 |y BK |k HIS | ||
| 952 | |0 0 |1 0 |3 erb |4 0 |6 372_830000000000000_ARA_2003 |7 0 |8 A |9 424876 |a BIBEDU |b BIBEDU |i 5068673 |o 372.83 ARA 2003 |p 5068673 |r 2019-11-22 |w 2019-11-22 |y BK |k EPE | ||
| 952 | |0 0 |1 0 |3 erb |4 0 |6 372_830000000000000_ARA_2003 |7 0 |8 A |9 424877 |a BIBEDU |b BIBEDU |i 5068681 |o 372.83 ARA 2003 |p 5068681 |r 2019-11-22 |w 2019-11-22 |y BK |k EPE | ||
| 952 | |0 0 |1 0 |3 erb |4 0 |6 372_830000000000000_ARA_2003 |7 0 |8 A |9 424878 |a BIBEDU |b BIBEDU |i 506869K |o 372.83 ARA 2003 |p 506869K |r 2019-11-22 |w 2019-11-22 |y BK |k EPE | ||
| 952 | |0 0 |1 0 |3 erb |4 0 |6 372_830000000000000_ARA_2003 |7 0 |8 A |9 424879 |a BIBEDU |b BIBEDU |i 5068703 |l 1 |o 372.83 ARA 2003 |p 5068703 |r 2022-04-19 |s 2022-04-07 |w 2019-11-22 |y BK |k EPE | ||
| 952 | |0 0 |1 0 |3 erb |4 0 |6 372_830000000000000_ARA_2003 |7 0 |8 A |9 424880 |a BIBEDU |b BIBEDU |i 5068711 |o 372.83 ARA 2003 |p 5068711 |r 2019-11-22 |w 2019-11-22 |y BK |k EPE | ||